Alès de A à Z - Statistiques

Statistiques générales
  • Ce quiz a été pris 122 fois
  • Le résultat moyen est 12 sur 22
Statistiques - réponses
Lettre Question Réponse % Correct
F Du 8 au 12 mai Féria
91%
G Rivière qui arrose Alès Gardon
91%
O Région dans laquelle est situéeAlès Occitanie
86%
B Ce que sont les Ales'y Bus
79%
U Ville proche d'Alès connue pour sonusine de bonbons Uzès
78%
C Parc naturel à proximité de Alès Cévennes
74%
Q Record de chaleur (en degré) 45
73%
I Ce qu'engendrent les épisodes cévenols Inondations
71%
A Il n'y en a pas qu'à Nîmes Arènes
68%
N Type de route qui relie Mende à Nîmes en passant par Alès Nationale
66%
V Fort construit dans Alès Vauban
62%
D Auteur Nîmois dont la médiathèqued'Alès porte son nom Daudet
57%
P Logo du Cinéplanète Pingouin
57%
L Région historique d'Alès Languedoc
52%
E Statue qui domine Alès Ermitage
45%
W Ce qu'on trouve au fond des mines Wagon
43%
S Village en périphérie d'Alès oùfut crée l'aluminium Salindres
42%
M Endroit soutterrain touristique Mine témoin
30%
J Physicien né à Alès Jean Baptiste Dumas
22%
T Boulevard qui marque la limitedu centre ville au nord Talabo
22%
H Place surnommée "Rond Point desfontaines" Henri Barbusse
8%
R Voie reliant Le Puy et Saint-Gilles quipasse par Alès Rédorgane
3%
Aucun quiz correspondant
Distribution des résultats
% des personnes avec chaque résultat
Percentile par nombre de réponses
Votre historique - résultats
Vous n’avez pas pris ce quiz